000 00401pab a2200145 454500
008 180718b1983 xxu||||| |||| 00| 0 eng d
100 _aShinohara, Miyohei
245 _aReal exchange rates and patterns of industrialization in East and South East Asia
260 _c1983
300 _a357-75
362 _aDec.
650 _aForeign Exchange - Asia
773 _aDeveloping Economies
909 _a8806
999 _c8806
_d8806